Normal view
MARC view
- Velten, Michael
Entry Personal Name
001 - CONTROL NUMBER
- control field: 8705
003 - CONTROL NUMBER IDENTIFIER
- control field: OSt
005 - DATE AND TIME OF LATEST TRANSACTION
- control field: 20170530145659.0
008 - FIXED-LENGTH DATA ELEMENTS
- fixed length control field: 170530|| aca||aabn | a|a d
040 ## - CATALOGING SOURCE
- Original cataloging agency: OSt
- Transcribing agency: OSt
100 ## - HEADING--PERSONAL NAME
- Personal name: Velten, Michael
670 ## - SOURCE DATA FOUND
- Source citation: Work cat.: (OSt): Veerinderjeet Singh 245, Towards A Malaysian Value Added Tax :, 1995.

PORTAL AKMAL
E-MEL JKDM
AKMAL2U
G-BAM
u-PUSTAKA